[Event "Remote Easter qual email"]
[Site "Remote email"]
[Date "2014.03.15"]
[Round "?"]
[White "Warzecha, Helmut"]
[Black "Franken, Paul"]
[Result "1-0"]
[WhiteElo "2439"]
[BlackElo "2334"]
[PlyCount "121"]
[EventDate "2014.??.??"]
[EventType "tourn (corr)"]
[EventRounds "8"]
[EventCountry "GER"]
[SourceTitle "Corr 2015"]
[Source "ChessBase"]
[SourceDate "2015.07.17"]
[SourceVersion "1"]
[SourceVersionDate "2015.07.17"]
[SourceQuality "1"]

1. e4 e5 2. Nf3 Nc6 3. Bb5 f5 4. Nc3 fxe4 5. Nxe4 Nf6 6. Qe2 d5 7. Nxf6+ gxf6 8. d4 Bg7 9. dxe5 0-0 10. e6 Ne5 11. Bf4 Qd6 12. Qd2 Bxe6 13. Be2 Rfe8 14. 0-0 c5 15. Rad1 Rad8 16. Rfe1 Qb6 17. b3 Bf7 18. Nh4 d4 19. Bh6 Be6 20. Bh5 Re7 21. Bf4 c4 22. bxc4 Nxc4 23. Qd3 Qc5 24. Rxe6 Rxe6 25. Nf5 Nb2 26. Qh3 Re4 27. Qg4 Rd7 28. Rf1 Kh8 29. Ng3 Ree7 30. Qh4 d3 31. Bg6 Bf8 32. Qxf6+ Bg7 33. Qh4 Be5 34. cxd3 Nxd3 35. Be3 Qb4 36. Qh6 Rg7 37. Bf5 Qd6 38. Rd1 Qxh6 39. Bxh6 Bxg3 40. hxg3 Nc5 41. Bxg7+ Rxg7 42. g4 Rf7 43. Rd5 b6 44. f4 Kg7 45. g5 Na4 46. g3 Nc3 47. Re5 Kf8 48. a3 Rc7 49. Kf2 Rf7 50. Ke3 Rc7 51. Kd4 Na4 52. Rd5 Nc5 53. Rd6 Rf7 54. g4 Re7 55. Rh6 Kg8 56. Kd5 Rb7 57. a4 Re7 58. a5 Rb7 59. Kd4 Nb3+ 60. Ke5 Nc5 61. Kd5 1-0

[Event "Remote Easter qual email"]
[Site "Remote email"]
[Date "2014.03.15"]
[Round "?"]
[White "Zidu, Jan"]
[Black "Franken, Paul"]
[Result "1/2-1/2"]
[WhiteElo "2533"]
[BlackElo "2357"]
[PlyCount "41"]
[EventDate "2014.??.??"]
[EventType "tourn (corr)"]
[EventRounds "8"]
[EventCountry "GER"]
[SourceTitle "Corr 2015"]
[Source "ChessBase"]
[SourceDate "2015.07.17"]
[SourceVersion "1"]
[SourceVersionDate "2015.07.17"]
[SourceQuality "1"]

1. Nf3 Nf6 2. d4 g6 3. c4 Bg7 4. Nc3 0-0 5. e4 d6 6. Be2 e5 7. 0-0 Nc6 8. d5 Ne7 9. a4 a5 10. Ne1 Nd7 11. Nd3 f5 12. f3 Kh8 13. Bd2 b6 14. b3 Nc5 15. Qc2 Bb7 16. Nxc5 dxc5 17. Rf2 f4 18. Rff1 Nc8 19. Nd1 Nd6 20. g4 Qe7 21. Nf2 1/2-1/2

[Event "Remote Federal-ch email"]
[Site "Remote email"]
[Date "2013.09.11"]
[Round "?"]
[White "Franken, Paul"]
[Black "Jarecki, Marian"]
[Result "1-0"]
[WhiteElo "2357"]
[BlackElo "2276"]
[PlyCount "81"]
[EventDate "2013.??.??"]
[EventType "swiss (corr)"]
[EventRounds "12"]
[EventCountry "GER"]
[SourceTitle "Corr 2015"]
[Source "ChessBase"]
[SourceDate "2015.07.17"]
[SourceVersion "1"]
[SourceVersionDate "2015.07.17"]
[SourceQuality "1"]

1. e4 e5 2. Nf3 Nc6 3. Bb5 f5 4. Nc3 fxe4 5. Nxe4 Nf6 6. Qe2 Be7 7. Nxf6+ Bxf6 8. d4 e4 9. Qxe4+ Ne7 10. Ng5 c6 11. Bd3 d5 12. Qf3 Qd7 13. c3 Nf5 14. 0-0 0-0 15. Nxh7 Kxh7 16. g4 Qf7 17. Bxf5+ Bxf5 18. Qxf5+ g6 19. Qd3 Qd7 20. Qh3+ Kg8 21. Bd2 Rae8 22. Rae1 b6 23. f4 Rxe1 24. Rxe1 Bg7 25. Qf3 c5 26. dxc5 bxc5 27. h3 a5 28. Kh2 a4 29. Qd3 Qd6 30. Kg2 c4 31. Qc2 Qc6 32. Kg3 Ra8 33. a3 Rf8 34. Be3 Re8 35. Bf2 Rxe1 36. Bxe1 Qe8 37. Bf2 Bf6 38. Qd2 Qe4 39. Qe3 Be7 40. Qxe4 dxe4 41. h4 1-0

[Event "Remote Federal-ch email"]
[Site "Remote email"]
[Date "2013.09.11"]
[Round "?"]
[White "Franken, Paul"]
[Black "Langschmidt, Dirk"]
[Result "1-0"]
[WhiteElo "2358"]
[BlackElo "1980"]
[PlyCount "55"]
[EventDate "2013.??.??"]
[EventType "swiss (corr)"]
[EventRounds "12"]
[EventCountry "GER"]
[SourceTitle "Corr 2015"]
[Source "ChessBase"]
[SourceDate "2015.07.17"]
[SourceVersion "1"]
[SourceVersionDate "2015.07.17"]
[SourceQuality "1"]

1. e4 c5 2. Nf3 d6 3. d4 cxd4 4. Nxd4 Nf6 5. Nc3 a6 6. Be2 e5 7. Nf3 Be7 8. Bg5 Nbd7 9. a4 0-0 10. 0-0 h6 11. Bh4 Nc5 12. Bxf6 Bxf6 13. a5 Be6 14. b4 Nd7 15. Nd5 Bxd5 16. Qxd5 Qc7 17. Rfd1 Be7 18. c4 Nf6 19. Qd3 Rfc8 20. Nd2 b6 21. axb6 Qxb6 22. Ra4 d5 23. cxd5 Bxb4 24. Nc4 Qb5 25. Rda1 a5 26. g3 Re8 27. Nxa5 Rxa5 28. Qxb5 1-0

[Event "Remote Federal-ch email"]
[Site "Remote email"]
[Date "2013.09.11"]
[Round "?"]
[White "Mueller, Achim"]
[Black "Franken, Paul"]
[Result "1-0"]
[WhiteElo "2470"]
[BlackElo "2358"]
[PlyCount "91"]
[EventDate "2013.??.??"]
[EventType "swiss (corr)"]
[EventRounds "12"]
[EventCountry "GER"]
[SourceTitle "Corr 2015"]
[Source "ChessBase"]
[SourceDate "2015.07.17"]
[SourceVersion "1"]
[SourceVersionDate "2015.07.17"]
[SourceQuality "1"]

1. d4 Nf6 2. c4 g6 3. Nc3 d5 4. Nf3 Bg7 5. Qb3 dxc4 6. Qxc4 0-0 7. e4 a6 8. Be2 b5 9. Qb3 c5 10. dxc5 Bb7 11. e5 Nfd7 12. Be3 e6 13. 0-0 Nc6 14. Rad1 Qc7 15. a4 b4 16. Ne4 Ncxe5 17. Nxe5 Bxe5 18. Nd6 Bd5 19. Rxd5 exd5 20. Qxd5 Bxd6 21. Qxd6 Rac8 22. Qxa6 Nxc5 23. Qb5 Rfe8 24. Qxb4 Re4 25. Bc4 Kg7 26. Qc3+ f6 27. Bd5 Rxa4 28. b3 Ra6 29. Qc4 Ra3 30. h3 Na6 31. Qh4 Qe5 32. Qh6+ Kh8 33. Bf7 Qh5 34. Qxh5 gxh5 35. Rd1 Nb4 36. Rd7 Nc6 37. Bd5 Ne5 38. Rb7 Rd8 39. Bh6 Nd7 40. Be6 Ra1+ 41. Kh2 Re1 42. Rxd7 Rxd7 43. Bxd7 Rd1 44. Be6 h4 45. g4 hxg3+ 46. fxg3 1-0

[Event "Remote Easter email"]
[Site "Remote email"]
[Date "2013.04.01"]
[Round "?"]
[White "Franken, Paul"]
[Black "Wittal, Werner"]
[Result "1/2-1/2"]
[WhiteElo "2364"]
[BlackElo "2329"]
[PlyCount "71"]
[EventDate "2013.??.??"]
[EventType "tourn (corr)"]
[EventRounds "8"]
[EventCountry "GER"]
[SourceTitle "Corr 2015"]
[Source "ChessBase"]
[SourceDate "2015.07.17"]
[SourceVersion "1"]
[SourceVersionDate "2015.07.17"]
[SourceQuality "1"]

1. Nc3 e6 2. Nf3 d5 3. e4 dxe4 4. Nxe4 Nd7 5. g3 b6 6. Bb5 Ngf6 7. d3 Be7 8. Bc6 Rb8 9. 0-0 0-0 10. Qe2 Bb7 11. Bxb7 Rxb7 12. Rd1 h6 13. Bf4 Nd5 14. Bd2 Qc8 15. c4 N5f6 16. Bc3 Rd8 17. b3 c6 18. Kg2 a5 19. h3 Qc7 20. Rd2 Ra7 21. Rad1 b5 22. Bd4 Raa8 23. Qe3 a4 24. Nxf6+ Bxf6 25. Bxf6 Nxf6 26. b4 Qd6 27. Rb1 Rac8 28. Qe2 Qe7 29. Rc2 Qb7 30. Rbc1 c5 31. Rb1 bxc4 32. Rxc4 Nd5 33. b5 Nb6 34. Rc3 Rd4 35. Rb2 Rd6 36. Qc2 1/2-1/2

[Event "GER Pyramid email"]
[Site "GER email"]
[Date "2006.02.24"]
[Round "?"]
[White "Langschmidt, Dirk"]
[Black "Franken, Paul"]
[Result "0-1"]
[WhiteElo "1862"]
[BlackElo "1746"]
[PlyCount "44"]
[EventDate "2006.??.??"]
[EventType "tourn (corr)"]
[EventRounds "10"]
[EventCountry "GER"]
[SourceTitle "Corr 2008"]
[Source "ChessBase"]
[SourceDate "2008.06.24"]
[SourceVersion "1"]
[SourceVersionDate "2008.06.24"]
[SourceQuality "1"]

1. e4 e5 2. Nf3 Nf6 3. Nc3 Nc6 4. Bb5 Nd4 5. Bc4 Bc5 6. d3 d6 7. Nxd4 Bxd4 8. Bg5 c6 9. Qf3 b5 10. Bxf6 Qxf6 11. Qxf6 gxf6 12. Bb3 Rg8 13. g3 a5 14. a4 b4 15. Nd1 Bg4 16. c3 bxc3 17. bxc3 Rb8 18. cxd4 Rxb3 19. dxe5 Bf3 20. Rf1 Rxd3 21. exf6 Rg4 22. Ne3 Rxe4 0-1